000 00498nam a2200193Ia 4500
005 20250423100635.0
008 250422s9999 xx 000 0 und d
020 _a9781461437840
050 _aQP 249 .L68/
100 _aLote J. Christopher
245 0 _aPrinciples of renal physiology
250 _a5th ed.
260 _aNew York
260 _b Springer
260 _c2012
300 _a204 p
650 _a Kidney--physiology. Renal Circulation--physiology.
942 _cBK
999 _c33917
_d33917